Normal view MARC view
  • Rawlinson, H.G

Entry Personal Name

Number of records used in: 1

001 - CONTROL NUMBER

  • control field: 111510

003 - CONTROL NUMBER IDENTIFIER

  • control field: NUST

005 - DATE AND TIME OF LATEST TRANSACTION

  • control field: 20230328122350.0

008 - FIXED-LENGTH DATA ELEMENTS

  • fixed length control field: 230328|| aca||aabn | a|a d

040 ## - CATALOGING SOURCE

  • Original cataloging agency: NUST
  • Transcribing agency: NUST

100 ## - HEADING--PERSONAL NAME

  • Personal name: Rawlinson, H.G

670 ## - SOURCE DATA FOUND

  • Source citation: Work cat.: (NUST)186826: Rawlinson, H.G., Selected Essays of James Anthony Froude /, 1945
© 2023 Central Library, National University of Sciences and Technology. All Rights Reserved.